Name Every Airline With First Class 2026 - Statistics

General Stats
  • This quiz has been taken 8 times
  • The average score is 12 of 19
Answer Stats
Hub Airline % Correct
Dubai Emirates
100%
Frankfurt Lufthansa
100%
Beijing Air China
88%
Paris Charles de Gaulle Air France
88%
London Heathrow British Airways
88%
Tokyo Haneda Japan Airlines
88%
Seoul Incheon Korean Air
75%
Sydney Qantas
75%
Hong Kong Cathay Pacific
63%
Abu Dhabi Etihad Airways
63%
Doha (A380 only) Qatar Airways
63%
Singapore Singapore Airlines
63%
Zurich Swiss International Air Lines
63%
Jeddah Saudia
50%
Tokyo Haneda ANA / All Nippon Airways
38%
Shanghai Pudong China Eastern Airlines
38%
Bangkok Suvarnabhumi Thai Airways
38%
Jakarta Garuda Indonesia
25%
Seoul Incheon Asiana Airlines
13%
No matching quizzes found
Score Distribution
Percent of People with Each Score
Percentile by Number Answered
Your Score History
You have not taken this quiz